000 00380nam a2200157Ia 4500
008 210210b1967 xxu||||| |||| 00| 0 eng d
041 _aeng
082 _a828/547
100 _aRUSSEL (B)
245 _aAutobiography 1872-1914
260 _aLondon
_bGeorge Allen & Unwin Ltd
_c1967
650 _aAutobiography
650 _a1872-1914
690 _aBiography
906 _a016391
999 _c135916
_d135916